Loading...
| Philosophy | 0 | 5 | 0 | 1 | 50 | 92 | 104.20 | 0 | 0 | 4.92 | 9.67 |
| Mythology | 0 | 4 | 1 | 1 | 35 | 35 | 103.00 | 0 | 1 | 7.87 | 10.91 |
| Religion | 0 | 2 | 0 | 0 | 20 | 80 | 82.50 | 0 | 1 | 5.21 | 13.64 |
| History - World | 0 | 2 | 0 | 0 | 20 | 90 | 99.00 | 0 | 0 | 4.88 | 9.92 |
| Literature - World | 0 | 2 | 0 | 0 | 20 | 104 | 116.50 | 0 | 0 | 2.30 | 8.51 |
| Fine Arts - Painting and Sculpture | 0 | 2 | 0 | 0 | 20 | 91 | 93.00 | 0 | 0 | 4.48 | 5.87 |
| Popular Culture | 0 | 1 | 0 | 1 | 10 | 132 | 132.00 | 0 | 0 | 0.00 | 3.33 |
| Science - Biology | 0 | 1 | 0 | 0 | 10 | 41 | 41.00 | 0 | 1 | 5.70 | 5.45 |
| Fine Arts - Classical Music | 0 | 1 | 0 | 0 | 10 | 115 | 115.00 | 0 | 0 | 0.16 | 3.31 |
| Fine Arts - Other | 0 | 1 | 0 | 0 | 10 | 96 | 96.00 | 0 | 0 | 1.69 | 4.96 |
| Literature - American | 0 | 1 | 0 | 0 | 10 | 141 | 141.00 | 0 | 0 | 0.06 | 4.55 |
| Literature - British | 0 | 1 | 0 | 0 | 10 | 77 | 77.00 | 0 | 0 | 4.49 | 6.61 |
| Literature - European | 0 | 1 | 0 | 0 | 10 | 64 | 64.00 | 0 | 1 | 4.91 | 7.44 |
| Current Events | 0 | 1 | 0 | 1 | 10 | 87 | 87.00 | 0 | 0 | 10.85 | 16.67 |
| History - European | 0 | 1 | 1 | 0 | 5 | 77 | 77.00 | 0 | 1 | 3.11 | 6.36 |